[Event "Hyderabad Pearl City op"]
[Site "Hyderabad"]
[Date "2019.09.11"]
[Round "10"]
[White "Ram, S Krishnan"]
[Black "Katiyar, Prashant"]
[Result "1-0"]
[WhiteElo "2212"]
[BlackElo "1754"]
[PlyCount "55"]
[EventDate "2019.09.06"]
[EventType "swiss"]
[EventRounds "11"]
[EventCountry "IND"]
[SourceTitle "EXT 2020"]
[Source "ChessBase"]
[SourceDate "2019.10.17"]
[SourceVersion "1"]
[SourceVersionDate "2019.10.17"]
[SourceQuality "1"]

1. Nf3 d5 2. c4 c6 3. b3 Nf6 4. Bb2 e6 5. e3 Bd6 6. g4 0-0 7. g5 Ne4 8. Rg1 a5 9. Qc2 Na6 10. a3 Re8 11. Bd3 Bf8 12. Nc3 Nac5 13. Nxe4 dxe4 14. Bxe4 Nxe4 15. Qxe4 Qb6 16. Rg4 e5 17. Rh4 g6 18. Bxe5 Rxe5 19. Nxe5 Be6 20. Ng4 Bxg4 21. Rxg4 Rd8 22. Qc2 Qc7 23. h4 Qh2 24. Ke2 Qe5 25. d4 Qh2 26. Qe4 c5 27. Qf4 Qh3 28. Qg3 1-0

[Event "Aligarh Pavna op"]
[Site "Aligarh"]
[Date "2016.05.19"]
[Round "4"]
[White "Deepak, Katiyar"]
[Black "Katiyar, Prashant"]
[Result "1/2-1/2"]
[WhiteElo "2128"]
[BlackElo "1757"]
[PlyCount "85"]
[EventDate "2016.05.17"]
[EventType "swiss"]
[EventRounds "9"]
[EventCountry "IND"]
[SourceTitle "CBM 172 Extra"]
[Source "ChessBase"]
[SourceDate "2016.06.21"]
[SourceVersion "1"]
[SourceVersionDate "2016.06.21"]
[SourceQuality "1"]

1. e4 c5 2. Nf3 d6 3. d4 cxd4 4. Nxd4 Nf6 5. Nc3 g6 6. Be3 Bg7 7. f3 Nc6 8. Bc4 0-0 9. Qd2 Bd7 10. 0-0-0 Rc8 11. Bb3 Nxd4 12. Bxd4 b5 13. Nd5 Nxd5 14. Bxg7 Kxg7 15. Bxd5 a5 16. a3 b4 17. axb4 axb4 18. Qxb4 Rb8 19. Qc3+ Kg8 20. h4 Qb6 21. Qd4 Qa5 22. h5 Rb4 23. Qe3 Qa1+ 24. Kd2 Qxb2 25. hxg6 Rd4+ 26. Ke1 Rxd1+ 27. Kxd1 Qa1+ 28. Qc1 Qxc1+ 29. Kxc1 hxg6 30. Kd2 Rc8 31. Ra1 Rc7 32. Ra8+ Kg7 33. Rb8 Kf6 34. Rb7 Rxb7 35. Bxb7 Ke5 36. Ke3 g5 37. g3 f5 38. f4+ gxf4+ 39. gxf4+ Kf6 40. exf5 Bxf5 41. c3 e5 42. fxe5+ Kxe5 43. Bc6 1/2-1/2